Aal-E-Muhammad Karbala Mein (Record no. 328)

MARC details
000 -LEADER
fixed length control field 00600nam a2200241 a 4500
020 ## - INTERNATIONAL STANDARD BOOK NUMBER
ISBN
082 00 - DEWEY DECIMAL CLASSIFICATION NUMBER
Classification number 297.64
Author Cutter ABU1
100 ## - MAIN ENTRY--AUTHOR NAME
Author name Abu Nasr, Omer
245 ## - TITLE STATEMENT
Title Aal-E-Muhammad Karbala Mein
260 ## - PUBLICATION, DISTRIBUTION, ETC. (IMPRINT)
Place of publication Delhi
Name of publisher Chaman Book Depot
Year of publication 0000
300 ## - PHYSICAL DESCRIPTION
Number of Pages 189p
500 ## - GENERAL NOTE
General note includes index and biblioraphy
505 2# - FORMATTED CONTENTS NOTE
Formatted contents note scn book club study project.3
650 ## - SUBJECT ADDED ENTRY--TOPICAL TERM
Topical Term Muhammad, Prophet-Family
942 ## - ADDED ENTRY ELEMENTS (KOHA)
Koha item type Books
700 1# -
-- Abu Nasr, Omer
Holdings
Collection code Home library Current library Date acquired Cost, normal purchase price Full call number Accession Number Koha item type
  Henry Martyn Institute Library Henry Martyn Institute Library 07/10/2007 3.00 297.64 ABU1 03647 Books
                   Copyright © 2026 | Henry Martyn Institute | Hyderabad | TS-500052 | INDIA | Implemented by hmi.edu.in
Hit-Count:

Powered by Koha